000 00752cab a2200229 4500
001 ABS39331
008 090401t1988 xxu||||| |||| 00| 0 eng d
035 _a(Sirsi) u15979
041 _aeng
100 _aHazell, T.
245 _aSearching for an answer
260 _c1988
350 _a0
490 _aChartered Surveyor Weekly
_v23(10) 9 June 1988, 71(1)
520 _aReviews the computer system available from Central Land Charges Co, which aims to reduce the time taken by local authorities to carry out land charge searches and which replies to inquiries. Illustrates with a flow diagram.
650 _aCIPFA SERVICES
650 _aLAND CHARGES
650 _aLOCAL SEARCHES
690 _aLAND
942 _n0
948 _c04/03/1997
999 _c10515
_d10515